000 00271nam a2200109Ia 4500
008 230320s9999||||xx |||||||||||||| ||spa||
082 _a410/F91
100 _aFuentes, Juan Luis
245 0 _aComunicacion : Estudio Del Lenguaje
260 _bM. FERNANDEZ
942 _80
_cLIB
999 _c31620
_d31620